Top 10 Biggest North America Countries by Area - Statistics

General Stats
  • This quiz has been taken 163 times
  • The average score is 9 of 10
Answer Stats
km2 Countries % Correct
9 976 140 Canada
100%
1 972 550 Mexico
100%
9 631 418 United States
100%
100 860 Cuba
96%
108 890 Guatemala
94%
129 494 Nicaragua
94%
78 200 Panama
94%
51 100 Costa Rica
92%
112 090 Honduras
90%
48 730 Dominican Republic
88%
No matching quizzes found
Score Distribution
Percent of People with Each Score
Percentile by Number Answered
Your Score History
You have not taken this quiz